Jerarcas opinan: servicios de salud privados o mixtos /

Gorde:
Xehetasun bibliografikoak
Egile nagusia: Ramírez F., Eduardo
Formatua: Texto
Etiketak: Etiketa erantsi
Etiketarik gabe, Izan zaitez lehena erregistro honi etiketa jartzen!

MARC

LEADER 00000 a a2200000 04500
001 1368
003
040
100 |a Ramírez F., Eduardo  
245 |a Jerarcas opinan:   |b servicios de salud privados o mixtos /  |c Eduardo Ramírez F. 
773 |g número 58; páginas 14-16  
999 |c 24033  |d 24033